[Event "Druzynowe Mistrzostwa Regionu KPZSzach 2"]
[Site "Kujawsko-pomorskie"]
[Date "2019.??.??"]
[Round "1.1"]
[White "Szybowicz, Piotr"]
[Black "Jeziorny, Janusz"]
[Result "1/2-1/2"]
[WhiteElo "1947"]
[BlackElo "1719"]
[PlyCount "62"]
[EventDate "2019.??.??"]

1. e4 c6 2. d4 d5 3. Nc3 dxe4 4. Nxe4 Nd7 5. Nf3 Ngf6 6. Nxf6+ Nxf6 7. Ne5 Be6
8. c4 g6 9. Be2 Bg7 10. O-O O-O 11. Be3 Nd7 12. Nxd7 Qxd7 13. Qd2 Rfd8 14. Rfd1
f6 15. Qc2 Qc7 16. Rd2 Bf7 17. Rad1 f5 18. f4 Rd7 19. Bf3 Rad8 20. g3 Qb6 21.
Qb3 Qxb3 22. axb3 e6 23. b4 a6 24. Kf2 Bf8 25. c5 Bg7 26. h3 Bf6 27. g4 Kf8 28.
g5 Bg7 29. h4 Kg8 30. Kg3 Kf8 31. Kf2 Kg8 1/2-1/2

[Event "Druzynowe Mistrzostwa Regionu KPZSzach 2"]
[Site "Kujawsko-pomorskie"]
[Date "2019.??.??"]
[Round "1.2"]
[White "Stepniak, Stanislaw"]
[Black "Kadukowski, Pawel"]
[Result "0-1"]
[WhiteElo "1475"]
[BlackElo "1771"]
[PlyCount "82"]
[EventDate "2019.??.??"]

1. e4 e6 2. d4 d5 3. Nd2 c5 4. Ngf3 Nf6 5. e5 Nfd7 6. c3 Nc6 7. Bd3 Qb6 8. Qa4
f6 9. exf6 Nxf6 10. O-O Bd7 11. dxc5 Bxc5 12. Qc2 Rc8 13. a3 a5 14. Nb3 Bd6 15.
Re1 O-O 16. Ng5 a4 17. Nd2 h6 18. Nh7 Ng4 19. Nf3 Rxf3 20. gxf3 Nge5 21. Qe2
Nxd3 22. Qxd3 Ne5 23. Rxe5 Bxe5 24. f4 Bd6 25. Qg6 Qd8 26. f5 Be8 27. Qxe6+
Kxh7 28. Be3 Qd7 29. Rd1 Qxe6 30. fxe6 Bc6 31. c4 d4 32. Bxd4 Re8 33. Bxg7
Bxh2+ 34. Kxh2 Kxg7 35. Rd6 Re7 36. Kg3 Kf6 37. Kh4 Rxe6 38. Rxe6+ Kxe6 39. Kh5
Ke5 40. Kxh6 Kd4 41. Kg5 Kxc4 0-1

[Event "Druzynowe Mistrzostwa Regionu KPZSzach 2"]
[Site "Kujawsko-pomorskie"]
[Date "2019.??.??"]
[Round "1.3"]
[White "Wargulec, Dariusz"]
[Black "Lebiedzinski, Maciej"]
[Result "1-0"]
[WhiteElo "1894"]
[BlackElo "1538"]
[PlyCount "112"]
[EventDate "2019.??.??"]

1. d4 d5 2. c4 e6 3. Nc3 Be7 4. Nf3 Nf6 5. Bg5 c6 6. e3 O-O 7. Bd3 dxc4 8. Bxc4
Nbd7 9. O-O b5 10. Bd3 Bb7 11. a3 a5 12. Ne4 Nxe4 13. Bxe7 Qxe7 14. Bxe4 f5 15.
Bd3 Rf6 16. Be2 Rd8 17. Qd2 a4 18. Rfd1 Rh6 19. Qc3 Nf6 20. Qc5 Rd6 21. h3 Ne4
22. Qe5 g5 23. Bd3 Rd5 24. Qb8+ Rd8 25. Qe5 Rd5 26. Qb8+ Rd8 27. Qh2 Nf6 28.
Nxg5 Ng4 29. Qf4 Rg6 30. Nf3 Nf6 31. Rac1 Nd5 32. Qh4 Qxh4 33. Nxh4 Rg7 34. Kf1
f4 35. e4 Nb6 36. Nf3 Nc4 37. Bxc4 bxc4 38. Kg1 Ba6 39. Ne5 Bb5 40. Nxc4 Rgd7
41. Ne5 Rxd4 42. Rxd4 Rxd4 43. f3 Rd2 44. Nxc6 Rxb2 45. Nd4 e5 46. Nxb5 Rxb5
47. Rc4 Ra5 48. Kf2 Kf7 49. g3 h5 50. gxf4 exf4 51. e5 Ke6 52. Rxf4 Kxe5 53.
Rh4 Kf6 54. Rb4 Kg6 55. Kg3 Rg5+ 56. Kf4 Rf5+ 1-0

[Event "Druzynowe Mistrzostwa Regionu KPZSzach 2"]
[Site "Kujawsko-pomorskie"]
[Date "2019.??.??"]
[Round "1.4"]
[White "Sliwa, Krzysztof"]
[Black "Lech, Piotr"]
[Result "1/2-1/2"]
[WhiteElo "1110"]
[BlackElo "1752"]
[PlyCount "65"]
[EventDate "2019.??.??"]

1. e4 e5 2. Nf3 Nf6 3. Nxe5 d6 4. Nf3 Nxe4 5. Nc3 Nxc3 6. dxc3 Be7 7. Bd3 Nc6
8. Be3 Be6 9. Qd2 Qd7 10. O-O-O O-O-O 11. Nd4 a6 12. Qe2 Nxd4 13. Bxd4 Qa4 14.
a3 Bg5+ 15. Be3 Bxe3+ 16. Qxe3 Rde8 17. Rhe1 Kb8 18. Qd4 Qxd4 19. cxd4 d5 20.
Re3 g6 21. Rde1 Rd8 22. Kd2 Rd6 23. b4 b5 24. Ra1 Kb7 25. Kc3 Bd7 26. Rae1 Be6
27. Kb3 Ra8 28. Ra1 Rb6 29. Ree1 a5 30. Kc3 c6 31. Reb1 Rba6 32. Kb2 Kb6 33. c3
1/2-1/2

[Event "Druzynowe Mistrzostwa Regionu KPZSzach 2"]
[Site "Kujawsko-pomorskie"]
[Date "2019.??.??"]
[Round "1.5"]
[White "Bialas, Jerzy"]
[Black "Konefal, Leszek"]
[Result "1-0"]
[WhiteElo "1575"]
[BlackElo "1363"]
[PlyCount "117"]
[EventDate "2019.??.??"]

1. e4 Nc6 2. d4 e6 3. d5 exd5 4. exd5 Ne5 5. Nf3 Nxf3+ 6. Qxf3 Nf6 7. Bd3 Be7
8. O-O O-O 9. c4 d6 10. h3 Nd7 11. Bf4 Ne5 12. Bxe5 dxe5 13. Qe4 f5 14. Qxe5
Bf6 15. Qe2 Qd6 16. Nc3 a6 17. Qc2 Bd4 18. Kh1 Bd7 19. Rae1 c6 20. Ne2 Ba7 21.
f4 cxd5 22. cxd5 b5 23. Ng3 g6 24. Qc3 Rae8 25. Re5 Rc8 26. Qb3 Bd4 27. Re2 Rc5
28. Bc2 Rfc8 29. Rd1 Bf6 30. Bb1 Rc4 31. a3 Rxf4 32. Nf1 Rfc4 33. Ba2 Kg7 34.
Qg3 Qxg3 35. Nxg3 Rc2 36. Rdd2 Rc1+ 37. Kh2 h5 38. Nh1 Ra1 39. Bb3 Rcc1 40. Nf2
Bg5 41. Rc2 Kf6 42. g3 h4 43. Rxc1 hxg3+ 44. Kxg3 Rxc1 45. Nd3 Rg1+ 46. Kf2 Rh1
47. Kg2 Rb1 48. Bc2 Ra1 49. Nc5 Bc8 50. Nb3 Rc1 51. Nxc1 Bxc1 52. Bb3 f4 53.
Rc2 Bxb2 54. Rxc8 Bxa3 55. Rc6+ Ke5 56. Rxa6 Bd6 57. Kf3 b4 58. h4 Be7 59. Re6+
1-0

[Event "Druzynowe Mistrzostwa Regionu KPZSzach 2"]
[Site "Kujawsko-pomorskie"]
[Date "2019.??.??"]
[Round "1.6"]
[White "Malinski, Waldemar"]
[Black "Chodorowski, Dawid"]
[Result "1/2-1/2"]
[WhiteElo "1616"]
[BlackElo "1861"]
[PlyCount "61"]
[EventDate "2019.??.??"]

1. g3 g6 2. Bg2 Bg7 3. Nc3 c5 4. f4 Nc6 5. e4 d6 6. Nf3 e5 7. d3 Nge7 8. h3 Nd4
9. Ne2 Nxf3+ 10. Bxf3 Be6 11. c3 O-O 12. g4 exf4 13. Nxf4 d5 14. O-O d4 15. c4
Nc6 16. Bd2 Be5 17. Bg2 Rc8 18. b3 Bg7 19. Nd5 Ne5 20. Be1 Kh8 21. Bg3 b6 22.
Qe2 Qg5 23. Rae1 Rce8 24. Nc7 Rc8 25. Nd5 Rce8 26. Nc7 Rc8 27. Nd5 Rce8 28. Nc7
Rc8 29. Nd5 Rce8 30. Nc7 Rc8 31. Nd5 1/2-1/2

[Event "Druzynowe Mistrzostwa Regionu KPZSzach 2"]
[Site "Kujawsko-pomorskie"]
[Date "2019.??.??"]
[Round "1.7"]
[White "Budrewicz, Jan"]
[Black "Kozielski, Miroslaw"]
[Result "1-0"]
[WhiteElo "1791"]
[BlackElo "1677"]
[PlyCount "67"]
[EventDate "2019.??.??"]

1. c4 c5 2. Nc3 Nf6 3. g3 d5 4. cxd5 Nxd5 5. Bg2 Nc7 6. Nf3 Nc6 7. O-O e5 8. d3
Be7 9. Be3 O-O 10. Rc1 Bd7 11. Re1 Rb8 12. Nd2 Nd4 13. Nc4 f6 14. a4 Bc6 15. f3
b5 16. axb5 Ncxb5 17. Ra1 Qd7 18. Bf2 Nd6 19. Na5 Ba8 20. e3 Nc6 21. Qe2 Nb7
22. Nc4 Nd6 23. Red1 Nxc4 24. dxc4 Qb7 25. Rd2 Rfd8 26. Nd5 Nb4 27. f4 Kf8 28.
Qh5 Qd7 29. Rad1 Nxd5 30. Qxh7 Kf7 31. Rxd5 Qc6 32. f5 Rxb2 33. Qg6+ Kf8 34.
Rxd8+ 1-0

[Event "Druzynowe Mistrzostwa Regionu KPZSzach 2"]
[Site "Kujawsko-pomorskie"]
[Date "2019.??.??"]
[Round "1.8"]
[White "Winkler, Bogdan"]
[Black "Kwiatkowski, Jacek"]
[Result "0-1"]
[WhiteElo "1381"]
[BlackElo "1791"]
[PlyCount "61"]
[EventDate "2019.??.??"]

1. e4 c6 2. f4 d5 3. exd5 cxd5 4. d4 Nc6 5. Nf3 Bf5 6. Bb5 Qa5+ 7. Nc3 e6 8.
Ne5 Rc8 9. O-O Bb4 10. Bxc6+ bxc6 11. g4 Be4 12. Ne2 f5 13. c3 Bd6 14. Ng3 Ne7
15. gxf5 exf5 16. Qh5+ g6 17. Qh6 Bxe5 18. fxe5 Kf7 19. Bg5 Qc7 20. Bf6 Rhg8
21. Qxh7+ Ke6 22. b4 Rcf8 23. Rae1 Rf7 24. Qh4 g5 25. Bxg5 Ng6 26. Qh6 Rh7 27.
Nxe4 dxe4 28. Bd8 Rxh6 29. Bxc7 Nf4+ 30. Kh1 Rg2 31. d5+ 0-1

[Event "Druzynowe Mistrzostwa Regionu KPZSzach 2"]
[Site "Kujawsko-pomorskie"]
[Date "2019.??.??"]
[Round "1.9"]
[White "Kubicki, Mariusz"]
[Black "Rosinski, Jan"]
[Result "1/2-1/2"]
[WhiteElo "1641"]
[BlackElo "1202"]
[PlyCount "63"]
[EventDate "2019.??.??"]

1. e4 e6 2. d4 d5 3. exd5 exd5 4. Nf3 Nf6 5. h3 Bd6 6. Bd3 O-O 7. O-O Re8 8.
Nc3 c6 9. Bg5 Be6 10. Ne2 Nbd7 11. c3 Qb6 12. Qc2 h6 13. Bh4 Rac8 14. b4 Qc7
15. Bg3 Bxg3 16. Nxg3 Re7 17. Nf5 Bxf5 18. Bxf5 Rce8 19. Rae1 Rxe1 20. Rxe1
Rxe1+ 21. Nxe1 Nb6 22. Nd3 Ne4 23. Qe2 Nd6 24. Qg4 Qd8 25. Nf4 Nxf5 26. Qxf5
Qd7 27. Qe5 Qd8 28. f3 a6 29. g3 Qe8 30. Kf2 Qxe5 31. dxe5 Nd7 32. Nd3 1/2-1/2

[Event "Druzynowe Mistrzostwa Regionu KPZSzach 2"]
[Site "Kujawsko-pomorskie"]
[Date "2019.??.??"]
[Round "1.10"]
[White "Kulski, Edward"]
[Black "Czarnolewski, Piotr"]
[Result "0-1"]
[WhiteElo "1201"]
[BlackElo "1609"]
[PlyCount "22"]
[EventDate "2019.??.??"]

1. e4 e5 2. Nf3 Nc6 3. Bc4 Nf6 4. Ng5 d5 5. exd5 Na5 6. Bb5+ c6 7. dxc6 bxc6 8.
Be2 h6 9. Nf3 e4 10. Ng1 Bc5 11. h3 Qd4 0-1

[Event "Druzynowe Mistrzostwa Regionu KPZSzach 2"]
[Site "Kujawsko-pomorskie"]
[Date "2019.??.??"]
[Round "1.11"]
[White "Kubicki, Marek"]
[Black "Sokulski, Maurycy"]
[Result "1/2-1/2"]
[WhiteElo "2116"]
[BlackElo "1474"]
[PlyCount "128"]
[EventDate "2019.??.??"]

1. e4 d6 2. d4 Nf6 3. Nc3 g6 4. Be2 Bg7 5. Bg5 Nbd7 6. Qd2 c5 7. d5 a6 8. a4
Qb6 9. Rb1 Qb4 10. f3 Ne5 11. Bf4 Nc4 12. Bxc4 Qxc4 13. Nge2 b5 14. b3 Qb4 15.
O-O O-O 16. Qd3 Qa5 17. axb5 axb5 18. Nxb5 Ba6 19. c4 Bxb5 20. cxb5 Rfb8 21.
Nc3 Nh5 22. Bd2 Nf4 23. Bxf4 Bxc3 24. Rfd1 Bd4+ 25. Be3 Bxe3+ 26. Qxe3 Qxb5 27.
e5 Ra2 28. Re1 c4 29. exd6 exd6 30. b4 Qxd5 31. Rbd1 Qe5 32. Qxe5 dxe5 33. Rb1
c3 34. Rxe5 c2 35. Rc1 Rxb4 36. Kf2 Rb1 37. Ree1 Raa1 38. Re8+ Kg7 39. Rxc2 Rc1
40. Rce2 Ra7 41. g4 h6 42. Rd8 Raa1 43. Rd7 Rf1+ 44. Kg2 Rg1+ 45. Kf2 Rgf1+ 46.
Kg3 Ra3 47. Rf2 Re1 48. Rg2 Rf1 49. Rf2 Re1 50. Kg2 Ra5 51. Rc2 Ra6 52. h4 Kf6
53. Rcc7 Ra2+ 54. Kg3 Rg1+ 55. Kh3 Rh1+ 56. Kg3 Rg1+ 57. Kf4 g5+ 58. hxg5+
hxg5+ 59. Ke3 Re1+ 60. Kd3 Rd1+ 61. Ke3 Re1+ 62. Kd3 Rd1+ 63. Ke3 Re1+ 64. Kd3
Rd1+ 1/2-1/2

[Event "Druzynowe Mistrzostwa Regionu KPZSzach 2"]
[Site "Kujawsko-pomorskie"]
[Date "2019.??.??"]
[Round "1.12"]
[White "Zaluski, Adam"]
[Black "Graczyk, Piotr"]
[Result "0-1"]
[WhiteElo "1292"]
[BlackElo "1348"]
[PlyCount "68"]
[EventDate "2019.??.??"]

1. d4 d5 2. Bf4 Nf6 3. e3 e6 4. Nd2 c5 5. c3 Nc6 6. Ngf3 Be7 7. Bd3 O-O 8. Ne5
cxd4 9. exd4 Nxe5 10. Bxe5 Bd7 11. O-O Ne8 12. Qh5 f5 13. Rfe1 Nf6 14. Qe2 Be8
15. Rac1 Bh5 16. Qf1 Bd6 17. h3 Ne4 18. Nxe4 fxe4 19. Bxd6 Qxd6 20. Be2 Bg6 21.
c4 Rf6 22. Rc3 Raf8 23. f3 Qb6 24. Rd1 Qxb2 25. Qe1 Qb6 26. Rb3 Qc7 27. c5 exf3
28. Rxf3 Be4 29. Rxf6 Rxf6 30. Bd3 Bxd3 31. Rxd3 Qf4 32. Rd1 Rg6 33. Rd3 Qf5
34. Rf3 Qxf3 0-1

[Event "Druzynowe Mistrzostwa Regionu KPZSzach 2"]
[Site "Kujawsko-pomorskie"]
[Date "2019.??.??"]
[Round "1.14"]
[White "Zaluski, Jakub"]
[Black "Zebrowska, Anna"]
[Result "0-1"]
[WhiteElo "1183"]
[BlackElo "1712"]
[PlyCount "156"]
[EventDate "2019.??.??"]

1. e4 c5 2. Nf3 d6 3. d4 cxd4 4. Nxd4 Nf6 5. f3 a6 6. c4 Nc6 7. Nc3 e6 8. Be3
Be7 9. Be2 Bd7 10. Qd2 Qc7 11. Rc1 O-O 12. O-O Rfd8 13. Rfd1 Ne5 14. b3 Rac8
15. h3 Nc6 16. Nd5 exd5 17. cxd5 Nxd4 18. Rxc7 Nxe2+ 19. Qxe2 Rxc7 20. Bb6 Bb5
21. Qd2 Rcc8 22. Bxd8 Bxd8 23. a4 Bd7 24. Qb4 b6 25. Qxd6 a5 26. Qa3 g6 27. Qd6
Be8 28. e5 Nh5 29. e6 Bc7 30. exf7+ Bxf7 31. Qd7 Re8 32. Qxc7 Re2 33. Qxb6 h6
34. b4 axb4 35. Qxb4 g5 36. Re1 Rc2 37. Qb8+ Kg7 38. Qb5 Nf4 39. d6 Rxg2+ 40.
Kf1 Rd2 41. d7 Nxh3 42. Qe5+ Kg6 43. Re2 Rxd7 44. Qe4+ Kg7 45. Qf5 Rd1+ 46. Re1
Bc4+ 47. Kg2 Nf4+ 48. Kf2 Nd3+ 49. Ke2 Rxe1+ 50. Kd2 Re7 51. Qc8 Ne5 52. Qc5
Re6 53. Kc3 Be2 54. Qc7+ Kf6 55. Qd8+ Re7 56. Qd6+ Re6 57. Qd8+ Kg6 58. Qg8+
Kf5 59. Qf8+ Rf6 60. Qc8+ Kf4 61. Qb8 Bxf3 62. Kd4 Rf5 63. a5 Kg4 64. Qc8 Kf4
65. Qb8 Kg4 66. Qc8 Nc6+ 67. Kd3 Nxa5 68. Kc3 h5 69. Kd3 h4 70. Kc3 h3 71. Kd3
h2 72. Kc3 h1=Q 73. Kd3 Qd1+ 74. Ke3 Qe1+ 75. Kd4 Qe4+ 76. Kc3 Qc6+ 77. Qxc6
Nxc6 78. Kc4 Kf4 0-1

[Event "Druzynowe Mistrzostwa Regionu KPZSzach 2"]
[Site "Kujawsko-pomorskie"]
[Date "2019.??.??"]
[Round "1.16"]
[White "Bieniak, Jerzy"]
[Black "Kielbratowski, Aleksander"]
[Result "0-1"]
[WhiteElo "1560"]
[BlackElo "1995"]
[PlyCount "140"]
[EventDate "2019.??.??"]

1. b4 e5 2. Bb2 d6 3. c4 f5 4. e3 Nf6 5. Be2 a5 6. b5 Be7 7. Nf3 O-O 8. O-O b6
9. d3 Bb7 10. Nbd2 Nbd7 11. a4 h6 12. h3 Qe8 13. Nb3 Rd8 14. Qc2 Nh7 15. Nh2
Ng5 16. f4 Ne6 17. Bf3 Bxf3 18. Rxf3 Bh4 19. Bc3 Qg6 20. Be1 Bf6 21. Rd1 exf4
22. exf4 Ndc5 23. Nxc5 Nd4 24. Rg3 Qe8 25. Qd2 Ne2+ 26. Kh1 Nxg3+ 27. Bxg3 dxc5
28. Nf3 Qg6 29. Kh2 Rfe8 30. Qc2 Re3 31. Bf2 Re6 32. Rd2 Qf7 33. Bg3 Bd4 34.
Bf2 Bxf2 35. Rxf2 Red6 36. Ne5 Qf6 37. Rf3 Re8 38. Qf2 Kh7 39. Kh1 g5 40. g3
gxf4 41. gxf4 Rg8 42. Kh2 Rdd8 43. Re3 Rg7 44. Rg3 Rxg3 45. Qxg3 Rg8 46. Qf2
Qd8 47. Kh1 Rg7 48. Kh2 Qd4 49. Qxd4 cxd4 50. Nf3 Kg6 51. Nh4+ Kf6 52. Nf3 Re7
53. Ne5 Rxe5 54. fxe5+ Kxe5 55. Kg3 h5 56. h4 Kd6 57. Kf4 Ke6 58. Kf3 Ke5 59.
Kg3 f4+ 60. Kf2 Kd6 61. Kf3 Kc5 62. Kxf4 Kb4 63. Kg5 Kc3 64. Kxh5 Kxd3 65. Kg5
Kxc4 66. h5 d3 67. h6 d2 68. h7 d1=Q 69. h8=Q Qxa4 70. Qf8 Qxb5+ 0-1

[Event "Druzynowe Mistrzostwa Regionu KPZSzach 2"]
[Site "Kujawsko-pomorskie"]
[Date "2019.??.??"]
[Round "1.17"]
[White "Bieganski, Zdzislaw"]
[Black "Bela, Zbigniew"]
[Result "1-0"]
[WhiteElo "1792"]
[BlackElo "1288"]
[PlyCount "57"]
[EventDate "2019.??.??"]

1. d4 Nf6 2. Nf3 e6 3. e3 Bb4+ 4. c3 Ba5 5. Bd3 d6 6. O-O Bd7 7. Nbd2 Nc6 8.
Qe2 d5 9. Re1 Qe7 10. e4 dxe4 11. Nxe4 Nxe4 12. Qxe4 O-O-O 13. a4 h6 14. b4
Nxb4 15. cxb4 Bc6 16. Qe3 Bxb4 17. Bd2 Bxd2 18. Nxd2 Rd5 19. Be4 Rd6 20. Nc4
Rdd8 21. Bxc6 bxc6 22. Rab1 Qf6 23. Ne5 Rd6 24. Qb3 Kd8 25. Qb8+ Ke7 26. Qxh8
Rd8 27. Nxc6+ Kd7 28. Qxd8+ Qxd8 29. Nxd8 1-0

[Event "Druzynowe Mistrzostwa Regionu KPZSzach 2"]
[Site "Kujawsko-pomorskie"]
[Date "2019.??.??"]
[Round "1.18"]
[White "Balcerek, Gerard"]
[Black "Szczepocka-kielbratowska, Renata"]
[Result "0-1"]
[WhiteElo "1254"]
[BlackElo "1317"]
[PlyCount "56"]
[EventDate "2019.??.??"]

1. d4 d5 2. c4 e6 3. Nc3 Nf6 4. a3 Be7 5. Nf3 O-O 6. Bf4 c6 7. e3 Nbd7 8. c5 b6
9. b4 Nh5 10. Bg3 a5 11. bxa5 bxc5 12. Ne5 Qxa5 13. Nxc6 Qxc3+ 14. Ke2 Ba6+ 15.
Kf3 Bf6 16. Bxa6 Rxa6 17. Ne5 Nxe5+ 18. dxe5 Bxe5 19. Rc1 Qxa3 20. Bxe5 Qb4 21.
g4 Qe4+ 22. Ke2 Ra2+ 23. Rc2 Rxc2+ 24. Qxc2 Qxc2+ 25. Kf1 Qe4 26. Rg1 Qxe5 27.
gxh5 Qxh5 28. Rg2 Qd1# 0-1

[Event "Druzynowe Mistrzostwa Regionu KPZSzach 2"]
[Site "Kujawsko-pomorskie"]
[Date "2019.??.??"]
[Round "1.20"]
[White "Grylewicz, Bernard"]
[Black "Jastrzebski, Wlodzimierz"]
[Result "1/2-1/2"]
[WhiteElo "1681"]
[BlackElo "1709"]
[PlyCount "65"]
[EventDate "2019.??.??"]

1. e4 c5 2. Nf3 Nc6 3. d4 cxd4 4. Nxd4 e6 5. Nb5 d6 6. Bf4 e5 7. Be3 a6 8. N5c3
Nf6 9. Be2 Be7 10. O-O O-O 11. Nd2 d5 12. exd5 Nxd5 13. Nxd5 Qxd5 14. c3 Qe6
15. Qc2 Qg6 16. Bd3 f5 17. f4 e4 18. Bc4+ Kh8 19. Bd5 Rd8 20. Bxc6 Qxc6 21. Nb3
Qc4 22. Rfd1 Be6 23. Nd4 Qc8 24. Nxe6 Qxe6 25. a4 Rac8 26. b3 Bf6 27. Rxd8+
Rxd8 28. Rd1 Qc8 29. c4 h6 30. Rxd8+ Qxd8 31. Kf2 Bd4 32. Qa2 Bxe3+ 33. Kxe3
1/2-1/2

[Event "Druzynowe Mistrzostwa Regionu KPZSzach 2"]
[Site "Kujawsko-pomorskie"]
[Date "2019.??.??"]
[Round "1.22"]
[White "Stasiak, Tomasz"]
[Black "Ludwinski, Daniel"]
[Result "0-1"]
[WhiteElo "1559"]
[BlackElo "1755"]
[PlyCount "64"]
[EventDate "2019.??.??"]

1. d4 Nf6 2. Nc3 g6 3. Nf3 Bg7 4. e4 d6 5. Bd3 c6 6. h3 O-O 7. Be3 Qc7 8. Qd2
Re8 9. Bh6 Bh8 10. O-O-O b5 11. Rde1 e5 12. dxe5 dxe5 13. Qg5 Nbd7 14. Nh4 a5
15. Nf5 a4 16. Nd1 Nc5 17. Qe3 Ne6 18. g3 gxf5 19. exf5 Ng7 20. Qg5 Qe7 21. Ne3
e4 22. Be2 Nd7 23. Qf4 Qe5 24. Qg5 a3 25. c3 axb2+ 26. Kxb2 Nc5 27. Ng4 Na4+
28. Kb1 Nxc3+ 29. Kc2 Rxa2+ 30. Kb3 Qd5+ 31. Kxc3 Ra3+ 32. Kc2 Qb3+ 0-1

[Event "Druzynowe Mistrzostwa Regionu KPZSzach 2"]
[Site "Kujawsko-pomorskie"]
[Date "2019.??.??"]
[Round "1.23"]
[White "Sujkowski, Dominik"]
[Black "Bialkowski, Jozef"]
[Result "1-0"]
[WhiteElo "1566"]
[BlackElo "1619"]
[PlyCount "21"]
[EventDate "2019.??.??"]

1. e4 Nc6 2. Nf3 e5 3. d4 exd4 4. Nxd4 d6 5. Nc3 Bd7 6. g3 Nge7 7. Be3 a6 8.
Bg2 Ne5 9. Qd2 b5 10. a4 c5 11. Nf5 1-0

[Event "Druzynowe Mistrzostwa Regionu KPZSzach 2"]
[Site "Kujawsko-pomorskie"]
[Date "2019.??.??"]
[Round "1.26"]
[White "Szulgacz, Andrzej"]
[Black "Dwojacki, Grzegorz"]
[Result "0-1"]
[WhiteElo "1217"]
[BlackElo "1487"]
[PlyCount "58"]
[EventDate "2019.??.??"]

1. e4 g6 2. e5 Bg7 3. d4 d6 4. exd6 Qxd6 5. c3 Nf6 6. Nf3 O-O 7. Be2 Nc6 8. O-O
b6 9. Bg5 Bb7 10. Nbd2 Rad8 11. Qa4 a6 12. Bxa6 Ra8 13. Nc4 Qd5 14. Ne3 Qd8 15.
d5 Nb8 16. c4 Nxa6 17. Qc2 Nc5 18. b3 Nfe4 19. Bh4 Bxa1 20. Rxa1 Nd6 21. a4 Bc8
22. Re1 f6 23. Bg3 Nde4 24. Bf4 e5 25. Bg3 Nxg3 26. fxg3 Qd6 27. h4 e4 28. Nd4
Qxg3 29. h5 Qxe1+ 0-1

[Event "Druzynowe Mistrzostwa Regionu KPZSzach 2"]
[Site "Kujawsko-pomorskie"]
[Date "2019.??.??"]
[Round "1.27"]
[White "Piorkowski, Wojciech"]
[Black "Dyl, Piotr"]
[Result "1-0"]
[WhiteElo "1412"]
[BlackElo "1129"]
[PlyCount "63"]
[EventDate "2019.??.??"]

1. e4 c5 2. Bc4 d6 3. Nf3 Nf6 4. Nc3 g6 5. d4 cxd4 6. Nxd4 Bg7 7. O-O O-O 8.
Be3 Nc6 9. f4 Bg4 10. Qd2 Nxd4 11. Bxd4 e5 12. Be3 Qc7 13. Bb3 b6 14. f5 Rfd8
15. fxg6 hxg6 16. Bg5 Qe7 17. Nd5 Qb7 18. Bxf6 Re8 19. Bxg7 Kxg7 20. Qg5 Be6
21. Qf6+ Kg8 22. Qg5 Kg7 23. Qf6+ Kg8 24. Rf3 Rac8 25. Raf1 Rc7 26. Nxc7 Qxc7
27. Bxe6 fxe6 28. Qxg6+ Qg7 29. Qxe8+ Kh7 30. Rh3+ Qh6 31. Qf7+ Kh8 32. Rxh6#
1-0